=LDR 00000nam 2200000 4500 =001 INLIS000000000024666 =005 20130612123234 =008 ***********************************Ind** =035 ##$$0010-061300000024666 =041 ##$$a Ind =082 ##$$a 2X8.1 =090 ##$$a 2X8.1, Uts j =100 ##$$a Utsaimin =245 ##$$a Jalan menuju kebenaran, Utsaimin =260 ##$$a 2000 $b Jakarta =300 ##$$a 179 hlm, ilus, 21 cm =650 ##$$a Nuansa Islami =850 ##$$a NBPNMAT